000 01214nam a2200241Ii 4500
003 JO-AjNU
005 20240629093335.0
008 230605s9999||||xx |||||||||||||| ||und||
040 _aJO-AjNU
_bara
_erda
_cJO-AjNU
041 _aara
050 1 4 _aKMM122.2021
100 1 _aالمومني، منير وائل مصطفى
_eمعد
_965741
245 2 0 _aالمسؤولية القانونية لمستخدم العلامة التجارية المسجلة في القانون الاردني(دراسة مقارنة)=The Legal Responsibility of the Registered Trademark User in Jordanian Law A Comparative study /
_cاعداد منير وائل مصطفى المومني ؛ إشراف محمد علي بني مقداد
260 _c2021
300 _a107 ورقة
336 _atext
_btxt
_2rdacontent
337 _aunmediated
_bn
_2rdamedia
338 _avolume
_bnc
_2rdacarrier
500 _aرسالة جامعية(اطروحة ماجستير) تخصص القانون /كليةالحقوق جامعة عجلون الوطنية، 2021
650 4 _aالعلامة التجارية-قوانين وتشريعات-الاردن
_962518
700 1 _aبني مقداد ، محمد علي
_965742
942 _2lcc
_cTHS
999 _c31881
_d31881